Score 0/13 Timer 03:00
1 Play Today
Scramble Word % Correct
YBBY
99.9%
GBOBOG
99.7%
NKABBANK
99.1%
GIBEEBEIGE
86.1%
ERBKNUBUNKER
85.1%
UROBAQEBAROQUE
77.4%
GEAEVERBBEVERAGE
54.6%
HEARTHROBUGKBREAKTHROUGH
43.2%
OOZMENBAMBELTBAMBOOZLEMENT
42.5%
LILABRNCEIBRILLIANCE
40%
HEMPALSYBBLASPHEMY
37.3%
ACINBUTEAFIOTIBEAUTIFICATION
31.7%
BYCCRUAERAUBUREAUCRACY
30.2%
Remove Ads.
Support Sporcle.
Get the best of Sporcle when you Go Orange. This ad-free experience offers more features, more stats, and more fun while also helping to support Sporcle. Thank you for becoming a member.

You're not logged in!

Compare scores with friends on all Sporcle quizzes.
OR
Log In

Show Comments

Extras

Top Quizzes Today


Score Distribution

Your Account Isn't Verified!

In order to create a playlist on Sporcle, you need to verify the email address you used during registration. Go to your Sporcle Settings to finish the process.

Report this User

Report this user for behavior that violates our Community Guidelines.

Details: